| 000 | 01447nam a2200361Ia 4500 | ||
|---|---|---|---|
| 001 | ebr10358467 | ||
| 003 | CaPaEBR | ||
| 006 | m u | ||
| 007 | cr cn||||||||| | ||
| 008 | 950413s1995 nyua sb 001 0 eng d | ||
| 010 | _z 95010917 | ||
| 020 | _z0195100565 | ||
| 020 | _z9780195100563 | ||
| 040 |
_aCaPaEBR _cCaPaEBR |
||
| 035 | _a(OCoLC)667095575 | ||
| 050 | 1 | 4 |
_aQA402.5 _b.F587 1995eb |
| 082 | 0 | 4 |
_a660/.28/015193 _220 |
| 100 | 1 | _aFloudas, Christodoulos A. | |
| 245 | 1 | 0 |
_aNonlinear and mixed-integer optimization _h[electronic resource] : _bfundamentals and applications / _cChristodoulos A. Floudas. |
| 260 |
_aNew York : _bOxford University Press, _cc1995. |
||
| 300 |
_axv, 462 p. : _bill. |
||
| 490 | 1 | _aTopics in chemical engineering | |
| 504 | _aIncludes bibliographical references and index. | ||
| 533 |
_aElectronic reproduction. _bPalo Alto, Calif. : _cebrary, _d2010. _nAvailable via World Wide Web. _nAccess may be limited to ebrary affiliated libraries. |
||
| 650 | 0 |
_aChemical engineering _xMathematical models. |
|
| 650 | 0 | _aInteger programming. | |
| 650 | 0 | _aMathematical optimization. | |
| 650 | 0 | _aNonlinear theories. | |
| 655 | 7 |
_aElectronic books. _2local |
|
| 710 | 2 | _aebrary, Inc. | |
| 830 | 0 | _aTopics in chemical engineering (Oxford University Press) | |
| 856 | 4 | 0 |
_uhttp://site.ebrary.com/lib/rucke/Doc?id=10358467 _zAn electronic book accessible through the World Wide Web; click to view |
| 999 |
_c107665 _d107665 |
||